Statistics for Steph Curry Quiz

Click here to take the quiz!

General Stats

  • This quiz has been taken 62 times
  • The average score is 9 of 15

Answer Stats

QuestionsAnswers% Correct
What is Steph Curry's full name?Wardell Stephen Curry II
96%
Who is the coach of the NBA team he plays for?Steve Kerr
88%
What college did he attend?Davidson
75%
Where was he born?Akron, Ohio
73%
What other very famous NBA star was born in the same city as him?Lebron James
71%
What is his approximate height?6" 3
70%
What is his wife's name?Ayesha Curry
68%
How old is he currently? (as of 2019)31
68%
Who does his brother play for in the NBA?Portland Trailblazers
59%
What football team does he support?Carolina Panthers
52%
What are his 3 kids names?Riley, Ryan & Canon
48%
What is his sister's name?Sydel
46%
What sport does his sister play?Volleyball
41%
What is Steph Curry's wife's job?Chef
38%
When was he born?14 March, 1988
9%

Score Distribution

Percentile by Number Answered

Percent of People with Each Score

Your Score History

You have not taken this quiz